[Event "12th EUR-ch"]
[Site "Aix-les-Bains FRA"]
[Date "2011.03.25"]
[Round "4.75"]
[White "Zude, Erik"]
[Black "Ftacnik, Lubomir"]
[Result "1-0"]
[WhiteElo "2409"]
[BlackElo "2578"]
[EventDate "2011.03.22"]
[PlyCount "93"]

1.d4 Nf6 2.c4 e6 3.Nc3 c5 4.d5 exd5 5.cxd5 d6 6.e4 g6 7.Nf3 Bg7 8.h3 O-O 
9.Bd3 Re8 10.O-O c4 11.Bc2 b5 12.a3 Na6 13.Be3 Bd7 14.Re1 Qb8 15.Bd4 b4 
16.axb4 Nxb4 17.Bb1 a5 18.Re3 Qc7 19.Ne2 Rab8 20.Ng3 a4 21.Bc3 Qc5 22.Qd2 
Rb7 23.Bd4 Qb5 24.Rea3 Ra8 25.Qf4 Ne8 26.Bxg7 Kxg7 27.Nh5+ gxh5 28.Ng5 f6 
29.Rg3 Kf8 30.Nxh7+ Ke7 31.Nxf6 Nxf6 32.Rg7+ Kd8 33.Qxf6+ Kc7 34.e5 dxe5 
35.Bf5 Rd8 36.Re1 Qxd5 37.Be4 Qd2 38.Qxe5+ Kb6 39.Bxb7 Kxb7 40.Qb5+ Kc8 
41.Qxc4+ Bc6 42.Re6 Rd6 43.Re8+ Rd8 44.Qe6+ Bd7 45.Rxd8+ Kxd8 46.Qb6+ Ke8 
47.Qb8+ 1-0

[Event "12th EUR-ch"]
[Site "Aix-les-Bains FRA"]
[Date "2011.03.25"]
[Round "4.77"]
[White "Shengelia, David"]
[Black "Olivier, Jean-Christophe"]
[Result "1-0"]
[WhiteElo "2573"]
[BlackElo "2401"]
[EventDate "2011.03.22"]
[PlyCount "105"]

1.Nf3 c5 2.g3 g6 3.Bg2 Bg7 4.O-O Nc6 5.c4 e6 6.Nc3 Nge7 7.a3 d5 8.cxd5 
exd5 9.d3 O-O 10.Bf4 h6 11.h4 Bg4 12.Rb1 Rc8 13.Qd2 Kh7 14.e4 dxe4 15.dxe4
Qxd2 16.Nxd2 Rfd8 17.Nc4 Rd7 18.Ne3 Be6 19.Ned5 Ne5 20.Nxe7 Rxe7 21.Rfd1 
c4 22.Bxe5 Bxe5 23.f4 Bxc3 24.bxc3 Rc5 25.a4 b6 26.Kf2 f6 27.Bf3 h5 28.Rd6
Kg7 29.Ke3 Bd5 30.Rb4 Be6 31.Kd4 Kf7 32.f5 gxf5 33.Bxh5+ Kg7 34.Bf3 fxe4 
35.Bxe4 Re5 36.Rb5 Rxe4+ 37.Kxe4 Bd7+ 38.Kd4 Bxb5 39.axb5 f5 40.Kxc4 Re3 
41.Rd7+ Kf6 42.Rxa7 Rxg3 43.Rb7 f4 44.Rxb6+ Ke7 45.Rb7+ Ke6 46.Rb8 Ke7 47.
b6 f3 48.b7 f2 49.Re8+ Kd7 50.Rf8 f1=Q+ 51.Rxf1 Kc7 52.Rf7+ Kb8 53.Rh7 1-0

[Event "12th EUR-ch"]
[Site "Aix-les-Bains FRA"]
[Date "2011.03.25"]
[Round "4.78"]
[White "Jaracz, Pawel"]
[Black "Kreisl, Robert"]
[Result "1/2-1/2"]
[WhiteElo "2565"]
[BlackElo "2394"]
[EventDate "2011.03.22"]
[PlyCount "39"]

1.Nf3 d5 2.c4 e6 3.d4 Nf6 4.Nc3 c6 5.e3 Nbd7 6.Bd3 dxc4 7.Bxc4 b5 8.Bd3 
Bb7 9.O-O a6 10.a4 b4 11.Ne4 c5 12.Nxf6+ gxf6 13.Qe2 cxd4 14.exd4 Bg7 15.
a5 Nb8 16.Be4 Bd5 17.Bd2 Nc6 18.Rfc1 f5 19.Bxd5 Qxd5 20.Qc4 1/2-1/2

[Event "12th EUR-ch"]
[Site "Aix-les-Bains FRA"]
[Date "2011.03.25"]
[Round "4.79"]
[White "Diermair, Andreas"]
[Black "Popov, Valerij"]
[Result "0-1"]
[WhiteElo "2386"]
[BlackElo "2565"]
[EventDate "2011.03.22"]
[PlyCount "76"]

1.d4 d5 2.c4 e6 3.Nf3 Nd7 4.g3 dxc4 5.Bg2 c6 6.a4 Bb4+ 7.Nbd2 Ne7 8.O-O b5
9.axb5 cxb5 10.Ne5 Rb8 11.Ne4 a5 12.Bf4 Rb6 13.b3 cxb3 14.Nd3 b2 15.Rb1 
Ba3 16.Qb3 b4 17.Nd6+ Rxd6 18.Bxd6 Nf5 19.Bc5 Nxc5 20.dxc5 Nd4 21.Qa4+ Ke7
22.Rfe1 Ba6 23.Nf4 Bc4 24.Qd1 Nb5 25.Qc2 Nc3 26.Rxb2 Bxb2 27.Qxb2 Qd4 28.
c6 Rc8 29.e3 Qc5 30.Qc2 g6 31.Nd3 Qf5 32.e4 Qb5 33.Nb2 Qxc6 34.Nxc4 Qxc4 
35.Qd2 Qc5 36.e5 b3 37.Bb7 Rd8 38.Qg5+ Ke8 0-1

[Event "12th EUR-ch"]
[Site "Aix-les-Bains FRA"]
[Date "2011.03.25"]
[Round "4.80"]
[White "Vocaturo, Daniele"]
[Black "Mazur, Stefan"]
[Result "1-0"]
[WhiteElo "2564"]
[BlackElo "2388"]
[EventDate "2011.03.22"]
[PlyCount "85"]

1.e4 e5 2.Nf3 Nc6 3.Bc4 Nf6 4.d3 Be7 5.O-O O-O 6.Re1 d6 7.a4 Na5 8.Ba2 c5 
9.Bg5 Nc6 10.Bxf6 Bxf6 11.Nc3 Nb4 12.Nd5 Nxa2 13.Rxa2 Be6 14.c3 Bxd5 15.
exd5 Bg5 16.a5 f5 17.Qa4 Bh6 18.b4 Rc8 19.c4 cxb4 20.Qxb4 Rf7 21.Rb2 g6 
22.Qa4 Qf6 23.Rbe2 Bf4 24.Qb3 g5 25.g3 g4 26.Nd4 Bg5 27.Ne6 f4 28.Qc2 Qh6 
29.Re4 Bd8 30.Qe2 Bxa5 31.Qxg4+ Kh8 32.Ng5 Rfc7 33.Qxc8+ Rxc8 34.Nf7+ Kg7 
35.Nxh6 Bxe1 36.Nf5+ Kf6 37.Nxd6 Rd8 38.Nxb7 Rb8 39.Rxe1 Rxb7 40.gxf4 exf4
41.d6 Rb3 42.d4 Rd3 43.d5 1-0

[Event "12th EUR-ch"]
[Site "Aix-les-Bains FRA"]
[Date "2011.03.25"]
[Round "4.81"]
[White "Ermeni, Avni"]
[Black "Zherebukh, Yaroslav"]
[Result "0-1"]
[WhiteElo "2264"]
[BlackElo "2560"]
[EventDate "2011.03.22"]
[PlyCount "96"]

1.e4 c5 2.Nf3 e6 3.d4 cxd4 4.Nxd4 a6 5.c4 d6 6.Nc3 Nf6 7.Be2 Be7 8.O-O O-O
9.Be3 Nbd7 10.Kh1 Qc7 11.Rc1 b6 12.f3 Bb7 13.Qd2 Rac8 14.Bg1 Qb8 15.Rfd1 
Bd8 16.Bf1 Ne5 17.b3 Bc7 18.Qe1 Rfe8 19.Qf2 Rcd8 20.Re1 Ng6 21.b4 Rc8 22.
Nb3 h5 23.Na4 Nd7 24.Nc3 h4 25.Qd2 Nf6 26.Rcd1 Ne5 27.Qf2 Bd8 28.Qd4 h3 
29.c5 hxg2+ 30.Bxg2 dxc5 31.bxc5 Nh5 32.Ne2 b5 33.Qd6 Bc7 34.Qd2 f5 35.Qg5
Nf6 36.Ng3 Nf7 37.Qg6 Nh8 38.Qg5 Bf4 39.Qh4 Ng6 40.Qh3 Bh6 41.exf5 Nf4 42.
Qh4 Qa8 43.c6 Rxc6 44.Nd4 Rc3 45.Ne4 Nxe4 46.fxe4 Nxg2 47.Kxg2 exf5 48.
Nxf5 Bxe4+ 0-1

[Event "12th EUR-ch"]
[Site "Aix-les-Bains FRA"]
[Date "2011.03.25"]
[Round "4.82"]
[White "Deleva, Michael"]
[Black "Stefansson, Hannes"]
[Result "1/2-1/2"]
[WhiteElo "2236"]
[BlackElo "2557"]
[EventDate "2011.03.22"]
[PlyCount "203"]

1.Nf3 d5 2.g3 c6 3.Bg2 Nf6 4.O-O Bf5 5.d3 h6 6.Nbd2 e6 7.b3 a5 8.a3 Bc5 9.
Bb2 O-O 10.Qe1 Bh7 11.e4 b5 12.Ne5 Nfd7 13.Ndf3 Re8 14.Nxd7 Nxd7 15.Qc3 
Bf8 16.Nd4 Rc8 17.Qd2 Qb6 18.b4 axb4 19.axb4 dxe4 20.dxe4 Ne5 21.Nb3 Nc4 
22.Qc3 Nxb2 23.Qxb2 Bxb4 24.Rfd1 Red8 25.h3 Bg6 26.Bf3 Be7 27.h4 c5 28.h5 
Bh7 29.Nd2 c4 30.Nf1 Qc6 31.Ne3 b4 32.Rxd8+ Rxd8 33.Qa2 Bf6 34.Rb1 b3 35.
cxb3 c3 36.Qa4 Qb6 37.Kg2 Bd4 38.Nc4 Qc5 39.Qa5 Qxa5 40.Nxa5 Re8 41.Nc6 e5
42.Rd1 f6 43.Nxd4 exd4 44.Rxd4 Rc8 45.Rd1 c2 46.Rc1 Kf8 47.Bg4 Rc6 48.Bf5 
Bg8 49.e5 Bxb3 50.exf6 gxf6 51.Kf1 Rc5 52.Bd3 Re5 53.g4 Ke7 54.f3 Rc5 55.
Ke2 Kd6 56.f4 Be6 57.g5 fxg5 58.fxg5 Rxg5 59.Rxc2 Rxh5 60.Be4 Rg5 61.Kf3 
h5 62.Rc6+ Ke7 63.Rc7+ Kf6 64.Rh7 Ke5 65.Rh6 Bf7 66.Rh7 Bb3 67.Bb7 Bd1+ 
68.Kf2 Bg4 69.Rh8 Rg7 70.Re8+ Kd6 71.Bc8 Rf7+ 72.Kg1 Bf3 73.Bh3 Kc5 74.Rd8
Rg7+ 75.Kh2 Bd5 76.Rh8 Rg5 77.Rf8 Be4 78.Rd8 Kc4 79.Bf1+ Kc3 80.Bh3 Bd3 
81.Bg2 Be2 82.Rd5 Rg7 83.Rf5 Bg4 84.Rf8 Be6 85.Rf6 Bf7 86.Rf5 Kd4 87.Ra5 
Rg8 88.Ra7 Be6 89.Ra6 Bg4 90.Ra7 Bf5 91.Ra4+ Ke5 92.Ra5+ Kd4 93.Ra4+ Ke3 
94.Ra3+ Kd2 95.Ra2+ Kc3 96.Bf3 h4 97.Ra5 Rf8 98.Bg2 Kd2 99.Ra4 Rh8 100.Rf4
Bc8 101.Bh3 Ba6 102.Bf1 1/2-1/2

[Event "12th EUR-ch"]
[Site "Aix-les-Bains FRA"]
[Date "2011.03.25"]
[Round "4.83"]
[White "Rogozenco, Dorian"]
[Black "Moal, Alain"]
[Result "1-0"]
[WhiteElo "2553"]
[BlackElo "2224"]
[EventDate "2011.03.22"]
[PlyCount "83"]

1.d4 Nf6 2.c4 g6 3.Nc3 d5 4.Bg5 Ne4 5.Bh4 Nxc3 6.bxc3 Bg7 7.e3 c5 8.cxd5 
Qxd5 9.Nf3 Nc6 10.Be2 cxd4 11.cxd4 e5 12.dxe5 Qa5+ 13.Qd2 Qxd2+ 14.Kxd2 
Nxe5 15.Rab1 Nc6 16.Rhc1 O-O 17.Ke1 Na5 18.Nd4 b6 19.Bf3 Bb7 20.Bxb7 Nxb7 
21.Rc7 Nc5 22.Nc6 Ne6 23.Rxa7 Rxa7 24.Nxa7 Ra8 25.Nc6 Rxa2 26.Rxb6 Bc3+ 
27.Kf1 Kg7 28.Rb8 h5 29.Bg3 Ra1+ 30.Ke2 Rg1 31.h4 Bf6 32.Ne5 Rh1 33.Rb7 
Nd8 34.Rd7 Rb1 35.Nc4 Rb7 36.Bc7 Bxh4 37.g3 Bf6 38.Nd6 Rb2+ 39.Kf3 Ne6 40.
Ne8+ Kh6 41.Nxf6 Ng5+ 42.Kg2 1-0

[Event "12th EUR-ch"]
[Site "Aix-les-Bains FRA"]
[Date "2011.03.25"]
[Round "4.84"]
[White "Naudier, Serge"]
[Black "Shimanov, Aleksandr"]
[Result "0-1"]
[WhiteElo "2223"]
[BlackElo "2550"]
[EventDate "2011.03.22"]
[PlyCount "108"]

1.e4 c5 2.Nf3 e6 3.d4 cxd4 4.Nxd4 a6 5.Bd3 Nf6 6.O-O Qc7 7.Qe2 d6 8.c4 g6 
9.b4 Bg7 10.Bb2 Nbd7 11.Nd2 O-O 12.Rac1 b6 13.N2b3 Re8 14.a4 Bb7 15.a5 
Rac8 16.axb6 Qxb6 17.Ba3 Bf8 18.Nf3 Qa7 19.Nbd2 Qa8 20.Rfe1 d5 21.c5 e5 
22.exd5 Nxd5 23.g3 Bh6 24.Ne4 Bxc1 25.Rxc1 f5 26.Nd6 e4 27.Nxb7 exd3 28.
Qxd3 Qxb7 29.c6 Qb5 30.Qxb5 axb5 31.cxd7 Rxc1+ 32.Bxc1 Rd8 33.Ne5 Nf6 34.
Bg5 Nxd7 35.Bxd8 Nxe5 36.Kf1 Kf7 37.Ke2 Ke6 38.Ke3 Kd5 39.Kf4 Nc6 40.Bf6 
Nxb4 41.Kg5 Ke6 42.Bd4 Kf7 43.Kh6 Kg8 44.h4 Nd3 45.h5 gxh5 46.Kxh5 f4 47.
g4 b4 48.Kg5 f3 49.Kf5 Nxf2 50.Kf4 b3 51.Kxf3 Nd3 52.Ke4 b2 53.Bxb2 Nxb2 
54.Kf5 Kg7 0-1

[Event "12th EUR-ch"]
[Site "Aix-les-Bains FRA"]
[Date "2011.03.25"]
[Round "4.85"]
[White "Pavlidou, Ekaterini"]
[Black "Jobava, Baadur"]
[Result "0-1"]
[WhiteElo "2204"]
[BlackElo "2707"]
[EventDate "2011.03.22"]
[PlyCount "50"]

1.d4 Nf6 2.c4 g6 3.Nc3 Bg7 4.e4 d6 5.Nf3 O-O 6.Be2 Na6 7.O-O e5 8.Be3 c6 
9.dxe5 dxe5 10.h3 Qe7 11.a3 Nh5 12.Re1 Nc5 13.Qc2 f5 14.b4 Ne6 15.exf5 
gxf5 16.Rab1 Nhf4 17.c5 e4 18.Bc4 Nxg2 19.Kxg2 exf3+ 20.Kxf3 Qh4 21.Qb3 
Kh8 22.Bxe6 Bxe6 23.Qxe6 Rae8 24.Qd6 f4 25.Kg2 fxe3 0-1

[Event "12th EUR-ch"]
[Site "Aix-les-Bains FRA"]
[Date "2011.03.25"]
[Round "4.86"]
[White "Vedmediuc, Serghei"]
[Black "Fressinet, Laurent"]
[Result "1/2-1/2"]
[WhiteElo "2422"]
[BlackElo "2693"]
[EventDate "2011.03.22"]
[PlyCount "69"]

1.e4 e5 2.Nf3 Nc6 3.Bb5 a6 4.Ba4 Nf6 5.O-O Be7 6.Re1 b5 7.Bb3 O-O 8.h3 Bb7
9.d3 d6 10.c3 Nb8 11.Nbd2 Nbd7 12.Nf1 Re8 13.Ng5 d5 14.exd5 Nxd5 15.Qh5 
Bxg5 16.Bxg5 f6 17.Be3 Kh8 18.Rad1 Nf8 19.Ng3 Ne6 20.Qg4 Nef4 21.Bxf4 Nxf4
22.Nh5 Nxh5 23.Qxh5 g6 24.Qh4 Kg7 25.f4 Qd6 26.fxe5 fxe5 27.Qg3 Rad8 28.
Re3 Re7 29.Rde1 Rde8 30.Kh2 c5 31.Bd1 Qf6 32.Bf3 Bc8 33.Bg4 Bb7 34.Bf3 Bc8
35.Bg4 1/2-1/2

[Event "12th EUR-ch"]
[Site "Aix-les-Bains FRA"]
[Date "2011.03.25"]
[Round "4.87"]
[White "Telljohann, Sven"]
[Black "Fedorchuk, Sergei"]
[Result "0-1"]
[WhiteElo "2415"]
[BlackElo "2662"]
[EventDate "2011.03.22"]
[PlyCount "84"]

1.d4 Nf6 2.Nf3 e6 3.g3 b5 4.Bg2 Bb7 5.O-O c5 6.c3 Be7 7.Bg5 Na6 8.a3 h6 9.
Bxf6 Bxf6 10.Nbd2 O-O 11.b4 d6 12.Nb3 Rc8 13.Nfd2 Bxg2 14.Kxg2 Qb6 15.e3 
Be7 16.Qf3 Nb8 17.Rfb1 Nd7 18.Ne4 cxd4 19.cxd4 Qa6 20.Kg1 Rc7 21.Na5 Rfc8 
22.Qd1 Nb6 23.Rc1 Na4 24.Rxc7 Rxc7 25.Rc1 Qc8 26.Nb3 Rc4 27.Rxc4 bxc4 28.
Na5 Nb6 29.Qc2 Qd7 30.Nc3 d5 31.Qd1 a6 32.h4 Bd8 33.Qc2 h5 34.e4 dxe4 35.
Qxe4 Nd5 36.Nxd5 exd5 37.Qe3 Bxa5 38.bxa5 Qf5 39.Qe8+ Kh7 40.Qc6 Qe6 41.
Qc5 Qe1+ 42.Kg2 Qe4+ 0-1

[Event "12th EUR-ch"]
[Site "Aix-les-Bains FRA"]
[Date "2011.03.25"]
[Round "4.88"]
[White "Kurnosov, Igor"]
[Black "Terrieux, Kevin"]
[Result "0-1"]
[WhiteElo "2653"]
[BlackElo "2422"]
[EventDate "2011.03.22"]
[PlyCount "80"]

1.e4 c5 2.Nf3 Nc6 3.Nc3 Nf6 4.Bb5 g6 5.Bxc6 dxc6 6.h3 Bg7 7.d3 Nd7 8.Be3 
e5 9.Qd2 Qe7 10.Bh6 f6 11.Nh2 g5 12.Bxg7 Qxg7 13.h4 Nf8 14.hxg5 fxg5 15.
Nd1 Be6 16.Nf3 h6 17.Qc3 Nd7 18.Ne3 O-O-O 19.Nd2 b6 20.Ndf1 h5 21.Ng3 h4 
22.Ngf5 Bxf5 23.Nxf5 Qf6 24.b4 cxb4 25.Qxb4 Nc5 26.a4 Ne6 27.Qc4 Rd4 28.
Qa6+ Kb8 29.Rb1 Nf4 30.a5 Ne6 31.axb6 Rd7 32.c3 Ka8 33.Ke2 Nd8 34.Rb2 Rf8 
35.f3 g4 36.Rhb1 gxf3+ 37.Kd2 Rb7 38.Kc2 Qg5 39.c4 Qxg2+ 40.Kc3 Qg4 0-1

[Event "12th EUR-ch"]
[Site "Aix-les-Bains FRA"]
[Date "2011.03.25"]
[Round "4.89"]
[White "Sokolov, Ivan"]
[Black "Poetsch, Hagen"]
[Result "1/2-1/2"]
[WhiteElo "2643"]
[BlackElo "2415"]
[EventDate "2011.03.22"]
[PlyCount "69"]

1.d4 Nf6 2.c4 e6 3.Nc3 Bb4 4.e3 c5 5.Bd3 O-O 6.Nf3 d5 7.O-O Nc6 8.a3 Bxc3 
9.bxc3 Re8 10.Bb2 dxc4 11.Bxc4 e5 12.h3 Qb6 13.Qc2 Be6 14.Bxe6 Rxe6 15.Ng5
Rd6 16.dxe5 Nxe5 17.c4 Re8 18.Rab1 Qc6 19.Qf5 g6 20.Qc2 h6 21.f4 Ned7 22.
Qf2 hxg5 23.fxg5 Qe4 24.Bxf6 Nxf6 25.gxf6 b6 26.Kh1 Ree6 27.Rbd1 Rxf6 28.
Qxf6 Rxf6 29.Rxf6 Qxc4 30.Rd7 a5 31.Rxb6 Qc1+ 32.Kh2 Qxe3 33.Rb8+ Kg7 34.
Rbb7 Qe5+ 35.Kg1 1/2-1/2

[Event "12th EUR-ch"]
[Site "Aix-les-Bains FRA"]
[Date "2011.03.25"]
[Round "4.90"]
[White "Alexandrov, Alexei"]
[Black "Philippe, Christophe"]
[Result "1-0"]
[WhiteElo "2638"]
[BlackElo "2409"]
[EventDate "2011.03.22"]
[PlyCount "77"]

1.d4 d5 2.c4 Nc6 3.e3 e5 4.dxe5 d4 5.a3 a5 6.Nf3 Bc5 7.Be2 Nge7 8.exd4 
Bxd4 9.O-O O-O 10.Ra2 Bxe5 11.Nxe5 Nxe5 12.Nc3 Be6 13.b3 Qxd1 14.Rxd1 Rfd8
15.Rxd8+ Rxd8 16.Rd2 Rxd2 17.Bxd2 Nf5 18.f4 Nc6 19.g4 Nfd4 20.Bd1 f5 21.h3
b6 22.Be3 Kf7 23.Nd5 b5 24.Nxc7 bxc4 25.Nxe6 Kxe6 26.bxc4 Kd6 27.Ba4 g6 
28.Kf2 Ke6 29.Bd1 Kd6 30.Ke1 Ne6 31.gxf5 gxf5 32.Bc2 Ne7 33.Kf2 Nc5 34.Kf3
Nd7 35.Bd4 Nc6 36.Ke3 Ne7 37.Bc3 Nb6 38.Bd3 Nc6 39.Bd4 1-0

[Event "12th EUR-ch"]
[Site "Aix-les-Bains FRA"]
[Date "2011.03.25"]
[Round "4.91"]
[White "Khalifman, Alexander"]
[Black "Raznikov, Danny"]
[Result "1-0"]
[WhiteElo "2637"]
[BlackElo "2384"]
[EventDate "2011.03.22"]
[PlyCount "101"]

1.d4 d5 2.c4 c6 3.Nf3 Nf6 4.Qb3 dxc4 5.Qxc4 Bf5 6.g3 e6 7.Bg2 Nbd7 8.O-O 
Be7 9.e3 O-O 10.Rd1 Rc8 11.Qe2 b5 12.b3 Qb6 13.Bb2 Rfd8 14.h3 h6 15.Nc3 b4
16.Na4 Qb5 17.Qf1 Bc2 18.Rd2 Be4 19.Rc1 Qd5 20.Qd1 Qb5 21.Bf1 Qb7 22.Bg2 
Qb5 23.Qf1 Qd5 24.Qe2 Qb5 25.Ne1 Bxg2 26.Kxg2 Ne4 27.Rdc2 Qxe2 28.Rxe2 Nb6
29.f3 Nxa4 30.fxe4 Nxb2 31.Rxb2 c5 32.Rbc2 Rb8 33.dxc5 Bf6 34.Kf3 Rb7 35.
Ke2 Rbd7 36.c6 Rc7 37.Rc5 Bc3 38.Nd3 Rdc8 39.a3 Rb8 40.e5 Rb6 41.Kd1 Kf8 
42.axb4 Bxb4 43.Nxb4 Rxb4 44.Kc2 Ke7 45.Kb2 Re4 46.R1c3 h5 47.Ka3 h4 48.g4
f5 49.exf6+ gxf6 50.b4 Kd8 51.Rh5 1-0

[Event "12th EUR-ch"]
[Site "Aix-les-Bains FRA"]
[Date "2011.03.25"]
[Round "4.92"]
[White "Popov, Ivan"]
[Black "Milliet, Sophie"]
[Result "1-0"]
[WhiteElo "2613"]
[BlackElo "2369"]
[EventDate "2011.03.22"]
[PlyCount "65"]

1.d4 Nf6 2.Bg5 c5 3.Bxf6 gxf6 4.d5 Qb6 5.Qc1 f5 6.g3 Bg7 7.c3 Na6 8.Bg2 
Nc7 9.Nd2 Qa6 10.Nh3 Bh6 11.Qc2 d6 12.Nf4 Bxf4 13.gxf4 Rg8 14.Bf3 b5 15.
Nf1 Rb8 16.Ng3 e6 17.O-O Bb7 18.Rfd1 Bxd5 19.Bxd5 Nxd5 20.Rxd5 exd5 21.
Qxf5 Qa4 22.Kf1 Rxg3 23.hxg3 Qe4 24.Qh5 b4 25.f3 Qc2 26.Qxd5 Qxb2 27.Qc6+ 
Kf8 28.Qxd6+ Kg7 29.Qe5+ f6 30.Qc7+ Kh6 31.Rd1 Re8 32.Re1 Qxc3 33.Qf7 1-0

[Event "12th EUR-ch"]
[Site "Aix-les-Bains FRA"]
[Date "2011.03.25"]
[Round "4.93"]
[White "Kovacevic, Aleksandar"]
[Black "Rozhko, Dmitry"]
[Result "1/2-1/2"]
[WhiteElo "2598"]
[BlackElo "2365"]
[EventDate "2011.03.22"]
[PlyCount "95"]

1.e4 e6 2.d4 d5 3.Nc3 Bb4 4.exd5 exd5 5.Bd3 Nc6 6.a3 Ba5 7.Ne2 Nge7 8.O-O 
Bf5 9.Bg5 f6 10.Be3 Bxd3 11.Qxd3 Bxc3 12.Nxc3 O-O 13.Rfe1 Qd7 14.f3 Rae8 
15.Bf4 Ng6 16.Bg3 Nd8 17.a4 c6 18.a5 a6 19.Na4 Rxe1+ 20.Rxe1 Re8 21.Rxe8+ 
Qxe8 22.Kf2 Ne6 23.c3 Ngf8 24.Qf5 Nd7 25.Bd6 g6 26.Qg4 Kf7 27.Qg3 Ng7 28.
Bb4 Qd8 29.Qd6 Ne8 30.Qf4 h5 31.b3 g5 32.Qf5 Ng7 33.Qc2 Qb8 34.g3 Qe8 35.
Nb2 Qe6 36.Nd1 Qh3 37.Kg1 Qf5 38.Qxf5 Nxf5 39.Kf2 Ke6 40.Nb2 Kf7 41.Nd3 
Ke6 42.Ba3 Kf7 43.Ke2 Ke6 44.Bc1 Kf7 45.Kf2 Kg6 46.Ba3 Kf7 47.Bc1 Kg6 48.
Ba3 1/2-1/2

[Event "12th EUR-ch"]
[Site "Aix-les-Bains FRA"]
[Date "2011.03.25"]
[Round "4.94"]
[White "Buhmann, Rainer"]
[Black "Serov, Maksim"]
[Result "1-0"]
[WhiteElo "2590"]
[BlackElo "2352"]
[EventDate "2011.03.22"]
[PlyCount "111"]

1.Nf3 Nf6 2.c4 g6 3.Nc3 Bg7 4.e4 d6 5.d4 O-O 6.Be2 e5 7.O-O exd4 8.Nxd4 
Re8 9.f3 Nc6 10.Be3 Nh5 11.Qd2 Nxd4 12.Bxd4 Nf4 13.Rfd1 Bxd4+ 14.Qxd4 
Nxe2+ 15.Nxe2 b6 16.Rac1 Bb7 17.Nc3 Qg5 18.Qd2 Qh5 19.Rc2 Re7 20.Nd5 Bxd5 
21.Qxd5 Rae8 22.Qxh5 gxh5 23.Rd5 Re5 24.Kf2 a5 25.Kg3 Kg7 26.Rcd2 f6 27.b3
Kg6 28.Kf4 R8e7 29.a3 Re8 30.h3 Rf8 31.Rc2 Ra8 32.Ke3 Rae8 33.Rcd2 h4 34.
b4 a4 35.c5 bxc5 36.bxc5 dxc5 37.Rd7 R8e7 38.Rxe7 Rxe7 39.Rc2 Re6 40.Rxc5 
Rb6 41.Kf4 Rb2 42.Rc6 Re2 43.g4 hxg3 44.Kxg3 Rb2 45.Kf4 Rb3 46.Ra6 Kg7 47.
Rxa4 c5 48.Ra7+ Kg6 49.Ra6 Kf7 50.a4 c4 51.Rc6 c3 52.Kf5 c2 53.f4 Rxh3 54.
Rc7+ Ke8 55.Kxf6 Kf8 56.Rxc2 1-0

[Event "12th EUR-ch"]
[Site "Aix-les-Bains FRA"]
[Date "2011.03.25"]
[Round "4.96"]
[White "Hovhannisyan, Robert"]
[Black "Getz, Nicolai"]
[Result "0-1"]
[WhiteElo "2560"]
[BlackElo "2333"]
[EventDate "2011.03.22"]
[PlyCount "114"]

1.e4 e5 2.Nf3 Nc6 3.Bb5 a6 4.Ba4 Nge7 5.Nc3 d6 6.O-O Bd7 7.Re1 g6 8.d4 Bg7
9.dxe5 Nxe5 10.Bxd7+ Qxd7 11.Nxe5 Bxe5 12.Bh6 Ng8 13.Bg5 h6 14.Bh4 Ne7 15.
Bxe7 Bxc3 16.bxc3 Qxe7 17.Rb1 b6 18.Qd2 Rd8 19.Rbd1 Qe5 20.Qe3 h5 21.f4 
Qc5 22.Qxc5 bxc5 23.Kf2 Kd7 24.Rb1 Kc6 25.Rb3 Rhe8 26.c4 Rb8 27.Ke3 Rxe4+ 
28.Kxe4 Re8+ 29.Kd3 Rxe1 30.Ra3 Rg1 31.g3 Rg2 32.Rxa6+ Kb7 33.Ra3 Rxh2 34.
Rb3+ Kc6 35.Kc3 h4 36.Kb2 Rf2 37.gxh4 Rxf4 38.Rh3 Rxc4 39.Rf3 f5 40.h5 
gxh5 41.Rxf5 h4 42.Rh5 Rg4 43.Rh7 d5 44.Kb3 Rb4+ 45.Ka3 Kb6 46.Rh5 c6 47.
Rh8 Kb5 48.c3 Rg4 49.Kb3 c4+ 50.Ka3 Rg3 51.Kb2 h3 52.Rh7 Kc5 53.a4 Rg2+ 
54.Ka3 h2 55.a5 Kb5 56.Rh8 Rc2 57.Rb8+ Kc5 0-1

[Event "12th EUR-ch"]
[Site "Aix-les-Bains FRA"]
[Date "2011.03.25"]
[Round "4.97"]
[White "Swiercz, Dariusz"]
[Black "Denisov, Ivan"]
[Result "1/2-1/2"]
[WhiteElo "2557"]
[BlackElo "2300"]
[EventDate "2011.03.22"]
[PlyCount "71"]

1.d4 Nf6 2.c4 e6 3.Nc3 Bb4 4.e3 O-O 5.Ne2 d5 6.a3 Be7 7.cxd5 exd5 8.b4 Bf5
9.Ng3 Bg6 10.Be2 Nbd7 11.O-O c6 12.f4 h6 13.f5 Bh7 14.Bd3 Bd6 15.Qf3 Qc7 
16.Bd2 Rfe8 17.Rac1 Qb8 18.Nce2 Kh8 19.Nf4 a6 20.Kh1 Qa7 21.Ngh5 Bxf4 22.
Nxf4 Ne4 23.Bxe4 Rxe4 24.Nh5 Qb8 25.g4 Qd6 26.Rf2 Nf6 27.Nxf6 Qxf6 28.Rg1 
Rd8 29.Qg3 Qd6 30.Qxd6 Rxd6 31.Rf4 g5 32.Rxe4 dxe4 33.Rc1 f6 34.Kg2 Bg8 
35.Be1 Kg7 36.Bg3 1/2-1/2

[Event "12th EUR-ch"]
[Site "Aix-les-Bains FRA"]
[Date "2011.03.25"]
[Round "4.98"]
[White "Roeder, Matthias"]
[Black "Sedlak, Nikola"]
[Result "1-0"]
[WhiteElo "2414"]
[BlackElo "2556"]
[EventDate "2011.03.22"]
[PlyCount "129"]

1.Nf3 Nf6 2.c4 g6 3.Nc3 Bg7 4.e4 d6 5.d4 O-O 6.h3 e5 7.d5 Na6 8.Bg5 Qe8 9.
g4 Nd7 10.Nd2 Ndc5 11.a3 f5 12.b4 Nd7 13.Nb3 Nf6 14.Be2 Nxe4 15.Nxe4 fxe4 
16.Be3 Nb8 17.Nd2 Nd7 18.g5 Nb6 19.Qb3 Bf5 20.c5 Nc8 21.Nc4 Bh8 22.h4 Ne7 
23.h5 gxh5 24.Bxh5 Qd7 25.O-O-O Ng6 26.Bxg6 Bxg6 27.Na5 b6 28.c6 Qe7 29.
Nc4 b5 30.Na5 Rf4 31.Rdg1 a6 32.Rh2 Raf8 33.a4 Qf7 34.axb5 axb5 35.Qa2 Ra8
36.Qd2 Bg7 37.Qd1 Bf8 38.Kb2 Be7 39.Qd2 Rf8 40.Kc3 Qf5 41.Qe2 Bxg5 42.Qxb5
Rf3 43.Nc4 Bxe3 44.fxe3 Rf1 45.Nxd6 Qf3 46.Rxf1 Qxe3+ 47.Kb2 Ra8 48.Qc4 
Qa3+ 49.Kc2 e3+ 50.Nf5 Qa2+ 51.Qxa2 Rxa2+ 52.Kc3 Rxh2 53.Ne7+ Kg7 54.Nxg6 
hxg6 55.b5 Rd2 56.b6 Rxd5 57.b7 Rb5 58.Re1 Rb6 59.Kd3 Kf6 60.Kxe3 Rb3+ 61.
Ke4 Ke6 62.Rd1 Rb4+ 63.Ke3 Rb3+ 64.Ke4 Rb6 65.Rd8 1-0

[Event "12th EUR-ch"]
[Site "Aix-les-Bains FRA"]
[Date "2011.03.25"]
[Round "4.99"]
[White "Cornette, Matthieu"]
[Black "Geenen, Marc"]
[Result "1-0"]
[WhiteElo "2548"]
[BlackElo "2289"]
[EventDate "2011.03.22"]
[PlyCount "71"]

1.d4 d5 2.Nf3 Nf6 3.c4 c6 4.Nc3 dxc4 5.a4 Bf5 6.Nh4 Bc8 7.e3 e5 8.Bxc4 
exd4 9.exd4 Be7 10.O-O O-O 11.Re1 Na6 12.Bg5 Nc7 13.Qb3 Rb8 14.Re5 Be6 15.
Bxe6 Nxe6 16.Nf5 Nxg5 17.Nxe7+ Kh8 18.d5 Nxd5 19.Ncxd5 cxd5 20.Rae1 Ne6 
21.Nxd5 Qd6 22.Qe3 b6 23.h3 Rbd8 24.b4 h6 25.Rh5 Nc7 26.Ne7 Rfe8 27.Re5 
Ne6 28.Nf5 Qd3 29.Qc1 f6 30.R5e4 Qd7 31.Qe3 Nc7 32.Ne7 Kh7 33.Qg3 g5 34.
Qf3 Rf8 35.Nc6 Nd5 36.Re7+ 1-0

[Event "12th EUR-ch"]
[Site "Aix-les-Bains FRA"]
[Date "2011.03.25"]
[Round "4.100"]
[White "Nedilko, Vasily"]
[Black "Grandelius, Nils"]
[Result "1-0"]
[WhiteElo "2413"]
[BlackElo "2547"]
[EventDate "2011.03.22"]
[PlyCount "59"]

1.d4 Nf6 2.c4 g6 3.g3 Bg7 4.Bg2 O-O 5.Nc3 d6 6.Nf3 Nbd7 7.O-O c6 8.e4 e5 
9.h3 Qa5 10.Be3 Nb6 11.Qd3 exd4 12.Nxd4 Qa6 13.b3 d5 14.exd5 Nbxd5 15.Nxd5
Nxd5 16.Bd2 Bd7 17.Rad1 Rfe8 18.Rfe1 h5 19.a4 Ne7 20.Bg5 Nf5 21.Rxe8+ Rxe8
22.Nb5 cxb5 23.Qxd7 Re2 24.Bd5 Nd6 25.c5 Qa5 26.cxd6 Re1+ 27.Rxe1 Qxe1+ 
28.Kg2 Bd4 29.Qxf7+ Kh8 30.Qg8# 1-0

[Event "12th EUR-ch"]
[Site "Aix-les-Bains FRA"]
[Date "2011.03.25"]
[Round "4.101"]
[White "Markos, Jan"]
[Black "Fantin, Ludwig"]
[Result "1/2-1/2"]
[WhiteElo "2546"]
[BlackElo "2281"]
[EventDate "2011.03.22"]
[PlyCount "103"]

1.d4 Nf6 2.c4 e6 3.Nc3 Bb4 4.Qc2 O-O 5.e4 d5 6.e5 Ne4 7.Bd3 c5 8.Ne2 Nc6 
9.cxd5 exd5 10.O-O cxd4 11.Nxd5 Qxd5 12.Bxe4 Qxe5 13.Bxh7+ Kh8 14.Bf4 Qc5 
15.a3 Qxc2 16.Bxc2 Be7 17.Rad1 Bf6 18.Ng3 d3 19.Rxd3 Bxb2 20.Rb1 Be5 21.
Bxe5 Nxe5 22.Rd5 Ng4 23.Rh5+ Kg8 24.Bh7+ Kh8 25.Be4+ Kg8 26.Rhb5 Rb8 27.h3
a6 28.Rb6 Ne5 29.Rxa6 Nc4 30.Bd5 bxa6 31.Rxb8 Nxa3 32.Ne4 Nb5 33.Ng5 Nd6 
34.g4 Rd8 35.Nf3 Kf8 36.Ne5 Re8 37.f4 Bb7 38.Bxb7 Rxb8 39.Nd7+ Ke7 40.Nxb8
Nxb7 41.Nxa6 f5 42.g5 Nd8 43.Kf2 Ne6 44.Ke3 Kf7 45.Nb4 Kg6 46.Nc6 Nxg5 47.
fxg5 Kxg5 48.Kf2 Kh4 49.Kg2 g5 50.Ne7 g4 51.Nxf5+ Kg5 52.hxg4 1/2-1/2

[Event "12th EUR-ch"]
[Site "Aix-les-Bains FRA"]
[Date "2011.03.25"]
[Round "4.102"]
[White "Antal, Gergely"]
[Black "Doros, Radu-Marian"]
[Result "0-1"]
[WhiteElo "2545"]
[BlackElo "2278"]
[EventDate "2011.03.22"]
[PlyCount "95"]

1.e4 c5 2.Nf3 e6 3.d4 cxd4 4.Nxd4 Nf6 5.Nc3 d6 6.g4 h6 7.h4 e5 8.Bb5+ Nbd7
9.Nf5 a6 10.Bxd7+ Qxd7 11.f3 b5 12.a3 Bb7 13.g5 hxg5 14.Bxg5 Nh5 15.Nd5 f6
16.Nb6 Qd8 17.Be3 g6 18.Nxa8 Bxa8 19.Nd4 exd4 20.Qxd4 Be7 21.Rg1 Kf7 22.
O-O-O Qc8 23.Kb1 Ng7 24.Bf2 Ne6 25.Qd2 Qc6 26.Bg3 Rc8 27.Rg2 Qc5 28.Qd3 
Qh5 29.Rgd2 Rd8 30.Qb3 Qc5 31.Qb4 Qxb4 32.axb4 f5 33.Bxd6 Bxh4 34.exf5 
gxf5 35.Rd3 Bf6 36.Bc5 Bxf3 37.Rd7+ Ke8 38.Rxd8+ Bxd8 39.Rd6 Nxc5 40.bxc5 
Be7 41.Rxa6 Bxc5 42.Re6+ Be7 43.Re5 f4 44.Rxb5 Bc6 45.Rf5 f3 46.b4 Bh4 47.
Kc1 f2 48.Kd2 0-1